|
|
|
|
| LEADER |
01291nam a22003614a 4500 |
| 001 |
EBC3050507 |
| 003 |
MiAaPQ |
| 005 |
20200520144314.0 |
| 006 |
m o d | |
| 007 |
cr cn||||||||| |
| 008 |
010308s2001 dcu sb 000 0 eng |
| 010 |
|
|
|z 2001017950
|
| 020 |
|
|
|z 0821348620 (pbk.)
|
| 035 |
|
|
|a (MiAaPQ)EBC3050507
|
| 035 |
|
|
|a (Au-PeEL)EBL3050507
|
| 035 |
|
|
|a (CaPaEBR)ebr10015756
|
| 035 |
|
|
|a (OCoLC)70720605
|
| 040 |
|
|
|a MiAaPQ
|c MiAaPQ
|d MiAaPQ
|
| 050 |
|
4 |
|a HB501
|b .D423 2001
|
| 082 |
0 |
4 |
|a 338.9
|2 21
|
| 245 |
0 |
0 |
|a Democracy, market economics, and development
|h [electronic resource] :
|b an Asian perspective /
|c Farrukh Iqbal and Jong-Il You, editors.
|
| 260 |
|
|
|a Washington, D.C. :
|b World Bank,
|c c2001.
|
| 300 |
|
|
|a xx, 180 p.
|
| 504 |
|
|
|a Includes bibliographical references.
|
| 533 |
|
|
|a Electronic reproduction. Ann Arbor, MI : ProQuest, 2015. Available via World Wide Web. Access may be limited to ProQuest affiliated libraries.
|
| 650 |
|
0 |
|a Capitalism.
|
| 650 |
|
0 |
|a Democracy.
|
| 650 |
|
0 |
|a Economic development.
|
| 655 |
|
4 |
|a Electronic books.
|
| 700 |
1 |
|
|a Iqbal, Farrukh.
|
| 700 |
1 |
|
|a You, Jong-Il,
|d 1958-
|
| 710 |
2 |
|
|a ProQuest (Firm)
|
| 856 |
4 |
0 |
|u https://ebookcentral.proquest.com/lib/matrademy/detail.action?docID=3050507
|z Click to View
|